000 00607nam a2200229 i 4500
001 C2-0155208
003 PPAK
005 20180727132243.0
008 980404s1984 enka|||| ||||| | eng d
020 _a060032429X
040 _aPPAK
_beng
_cPPAK
_erda
082 0 4 _a641.5
_223
090 0 0 _a641.5
_bMOR
_dR
100 1 _aNorwak, Mary,
_eauthor
245 1 0 _aCooking month by month
264 1 _aLondon :
_bHamlyn ,
_c1984
300 _a189 pages :
_bcolour illustrations ;
_c30 cm
336 _2rdacontent
_atext
337 _2rdamedia
_aunmediated
338 _2rdacarrier
_avolume
942 _ddc
_cB
999 _c47819
_d47819